000
00228nam a2200097Ia 4500
005
20251222114413.0
008
251222s1900||||xx |||||||||||||| ||spa||
082
_a
DVD0070/R96/2010
245
4
_a
The fighter:El luchador
942
_c
DVD
999
_c
2127
_d
2127